[Event "GER-ch U25-B"]
[Site "Willingen"]
[Date "2023.05.31"]
[Round "6"]
[White "Strohschaen, Michel"]
[Black "Kanno, Clara Yumi"]
[Result "0-1"]
[WhiteElo "1718"]
[BlackElo "1358"]
[PlyCount "58"]
[EventDate "2023.05.27"]
[EventType "swiss"]
[EventRounds "9"]
[EventCountry "GER"]
[SourceTitle "CBM 214 Extra"]
[Source "ChessBase"]
[SourceDate "2023.07.31"]
[SourceVersion "1"]
[SourceVersionDate "2023.07.31"]
[SourceQuality "1"]

1. e4 e6 2. Nf3 d5 3. Nc3 Nf6 4. e5 Nfd7 5. d4 c5 6. dxc5 Bxc5 7. Bd3 Nc6 8. Bf4 h6 9. 0-0 g5 10. Bg3 h5 11. h4 g4 12. Nd2 Ndxe5 13. Bb5 Ng6 14. Nb3 Be7 15. Nd4 Bd7 16. Re1 a6 17. Bxc6 bxc6 18. Re2 Nxh4 19. Be5 Rg8 20. Nb3 Nf5 21. Na4 h4 22. Nd4 Nxd4 23. Bxd4 Bd6 24. Nc5 Qe7 25. Nb7 Bc7 26. Bc5 Qf6 27. c3 Qf4 28. Qd3 Qh2+ 29. Kf1 Qh1# 0-1